000 00576 a2200157 4500
999 _c4696
_d4696
020 _a9781485119319
050 0 0 _aKF 282.46 DUP 2016
100 1 _aDu Plessis, M. A.
_eauthor
245 1 0 _aClinical legal education :
_blaw clinic curriculum design and assessment tools /
_cM.A. (Riette) du Plessis
264 1 _aClaremont:
_bJuta,
_c2016.
300 _a236p. :
500 _aIncludes bibliographical references and index.
504 _aIncludes bibliographical references and index.
650 0 _aLaw
_xstudy and teaching (Clinical education)
942 _2lcc
_cBK
_h282.46
_iDUP
_kKF